| 000 | 01130nam0a22003131 4500 | ||
|---|---|---|---|
| 001 | RU\INFOCOMM_322\NLR\5000094734 | ||
| 005 | 20250613103116.0 | ||
| 035 | _a(NLR Aleph) 009459233 | ||
| 090 |
_a8455955 _c8455955 |
||
| 100 | _a20121207d1987 |||y0rusy50 ca | ||
| 101 | 1 | _afre | |
| 102 | _aRU | ||
| 105 | _ay z ||||| | ||
| 200 | 1 |
_aLe cinéma doit être sincère en tout _fElem Klimov _g[Trаd. par Serguéi Mouraviev] |
|
| 210 |
_a[M.] _cÉd. de l'Agence de presse "Novosti" _dCop.1987 |
||
| 215 |
_a32 с. _cил., портр. _d19 см |
||
| 225 | 1 | _aUn avis compétent | |
| 300 | _aНа послед. с.: Кино должно быть правдивым во всем / Элем Германович Климов | ||
| 606 | 0 |
_aКиноискусство _yСССР _92570749 _3RU\NLR\AUTH\661520215 |
|
| 620 | _aМосква | ||
| 686 |
_aЩ373(2)7 _2rubbk |
||
| 700 | 1 |
_9z01790 _aKlimov _bE. G. _f1933- _gÉlem Germanovič |
|
| 790 | 1 |
_9z01700 _aKlimov _bE. _gElem _4070 |
|
| 801 | 1 |
_aRU _bNLR _c20121207 |
|
| 801 | 0 |
_aRU _bINFOCOMM _gPSBO |
|
| 852 |
_aNLR _jИс71 Д-4/127 |
||
| 942 | _cBOOK | ||
| 980 | _aNB | ||